RICS UK residential property standards (Record no. 112918)

MARC details
000 -LEADER
fixed length control field 02107cad a22003255a 4500
001 - CONTROL NUMBER
control field L154274
008 - FIXED-LENGTH DATA ELEMENTS--GENERAL INFORMATION
fixed length control field 111108s2011 xxk f 001 0 eng d
020 ## - INTERNATIONAL STANDARD BOOK NUMBER
International Standard Book Number 9781842197035
035 ## - SYSTEM CONTROL NUMBER
System control number (Sirsi) u154274
041 0# - LANGUAGE CODE
Language code of text/sound track or separate title eng
050 04 - LIBRARY OF CONGRESS CALL NUMBER
Classification number 333.33 $2 18
110 2# - MAIN ENTRY--CORPORATE NAME
Corporate name or jurisdiction name as entry element Royal Institution of Chartered Surveyors
9 (RLIN) 4900
240 ## - UNIFORM TITLE
Uniform title Blue Book
245 00 - TITLE STATEMENT
Title RICS UK residential property standards
Medium [electronic resource]
Statement of responsibility, etc. [old edition]
250 ## - EDITION STATEMENT
Edition statement 5th ed.
260 ## - PUBLICATION, DISTRIBUTION, ETC.
Place of publication, distribution, etc. Coventry
Name of publisher, distributor, etc. RICS
Date of publication, distribution, etc. 2011
490 #0 - SERIES STATEMENT
Series statement RICS Guidance Note
490 #0 - SERIES STATEMENT
Series statement RICS Blue Book
505 2# - FORMATTED CONTENTS NOTE
Formatted contents note Ethics -- Securing instructions -- Acting for the seller: marketing the property -- Acting for the seller: implementing the sale or lease -- Acting for the buyer -- Acting for the landlord: letting the property -- Acting for the landlord: letting agents -- Acting for the landlord: managing agents -- Ending the instruction -- Safety and security -- Agency management -- Regulation and legislation
520 ## - SUMMARY, ETC.
Summary, etc. The aim of this guidance is to ensure that clients and customers have a clear understanding of the scope and quality of services they can expect from estate agents, and to help to improve standards in the sector by raising public and professional awareness. A further objective is to encourage agents to aspire to the highest operating standards through the training and ongoing development of their staff. Includes Tables of cases, statutes and statutory instruments. Interim updates will be published online and an updated print edition published annually.
520 ## - SUMMARY, ETC.
Summary, etc. Supersedes the Blue book 4th ed. (ISBN 9781842196175).
520 ## - SUMMARY, ETC.
Summary, etc. Superseded by the 6th edition (SBN 9781783212026)
521 ## - TARGET AUDIENCE NOTE
Target audience note Advanced
590 ## - LOCAL NOTE (RLIN)
Local note KA NTK
651 #4 - SUBJECT ADDED ENTRY--GEOGRAPHIC NAME
Geographic name United Kingdom
690 ## - LOCAL SUBJECT ADDED ENTRY--TOPICAL TERM (OCLC, RLIN)
Topical term or geographic name as entry element PROPERTY-RESIDENTIAL PROPERTY-ACQUISITION AND DISPOSAL OF RESIDENTIAL PROPERTY
690 ## - LOCAL SUBJECT ADDED ENTRY--TOPICAL TERM (OCLC, RLIN)
Topical term or geographic name as entry element PROPERTY-PROPERTY AGENCY
856 40 - ELECTRONIC LOCATION AND ACCESS
Uniform Resource Identifier <a href="https://web.archive.org/web/20161127144942/http://www.rics.org/Global/Residential_Property_Standards_UK_5th_edition_PGguidance_2011.pdf">https://web.archive.org/web/20161127144942/http://www.rics.org/Global/Residential_Property_Standards_UK_5th_edition_PGguidance_2011.pdf</a>
Public note Archived copy available on web archive
942 ## - ADDED ENTRY ELEMENTS (KOHA)
Suppress in OPAC 0
Source of classification or shelving scheme Dewey Decimal Classification
Holdings
Withdrawn status Lost status Source of classification or shelving scheme Damaged status Not for loan Home library Current library Shelving location Date acquired Total Checkouts Full call number Barcode Date last seen Copy number Price effective from Koha item type
    Dewey Decimal Classification     Virtual Virtual Online 08/11/2011   ONLINE PUBLICATION 154274-1001 06/08/2019 1 06/08/2019 Book